Library of the University of Algiers 3
Ibrahim Sultan Cheibout
شعار جامعة الجزائر 3
مكتبة جامعة الجزائر 3
إبراهيم سلطان شيبوط

المحاسبة الضريبية / (رقم التسجيلة. 45648)

تفاصيل مارك
000 -LEADER
fixed length control field 01034nam a2200205Ia 4500
003 - CONTROL NUMBER IDENTIFIER
control field Ost
005 - DATE AND TIME OF LATEST TRANSACTION
control field 20260507075653.0
008 - FIXED-LENGTH DATA ELEMENTS--GENERAL INFORMATION
fixed length control field 260507s9999||||xx |||||||||||||| ||und||
040 ## - CATALOGING SOURCE
Transcribing agency fsecg
041 ## - LANGUAGE CODE
Language code of text/sound track or separate title ara
082 ## - DEWEY DECIMAL CLASSIFICATION NUMBER
Classification number 657.46
100 ## - MAIN ENTRY--PERSONAL NAME
Personal name ياسين، فؤاد توفيق
Relator term مؤلف
245 #0 - TITLE STATEMENT
Title المحاسبة الضريبية /
Statement of responsibility, etc. فؤاد توفيق ياسين
260 ## - PUBLICATION, DISTRIBUTION, ETC.
Place of publication, distribution, etc. عمان:
Name of publisher, distributor, etc. دار اليازوري العلمية للنشر والتوزيع,
Date of publication, distribution, etc. 2005
300 ## - PHYSICAL DESCRIPTION
Extent 386 صفحة؛
Other physical details إيضاحات ؛
Dimensions 25 سم
504 ## - BIBLIOGRAPHY, ETC. NOTE
Bibliography, etc. note المراجع ص.384
520 ## - SUMMARY, ETC.
Summary, etc. المدخل الى المحاسبة الضريبية- خصائص الضريبة على الدخل في الأردن- تحليل الوعاء الضريبي- نسب الضريبة- مراحل تقدير الضريبة- تحصيل ضريبة الدخل والرديات- العقوبات والغرمات لعدم الإمتثال للقانون- حصيلة ضريبة الدخل.
653 ## - INDEX TERM--UNCONTROLLED
Uncontrolled term المحاسبة- الضرائب
942 ## - ADDED ENTRY ELEMENTS (KOHA)
Koha item type كتب

لا توجد مواد متاحة.

موارد الويب المفتوحة


© University of Algiers 3 All Rights Reserved
|
Implemented by LECHELAH Riad